Constitutional law
Guardado en:
| Autor principal: | |
|---|---|
| Otros Autores: | |
| Formato: | Libro |
| Publicado: |
New Delhi :
Butterworths
c 2006.
|
| Materias: | |
| Etiquetas: |
Agregar Etiqueta
Sin Etiquetas, Sea el primero en etiquetar este registro!
|
MARC
| LEADER | 00000nam a2200000 4500 | ||
|---|---|---|---|
| 005 | 20251005103337.0 | ||
| 020 | |a 8180381234 |c TZS.60,000 /= | ||
| 040 | |a MCCL |b eng. |e AACR 2nd rev.ed. | ||
| 082 | |a 342.73 SIN | ||
| 100 | |a Singh,Ranbir | ||
| 245 | |a Constitutional law |c / Ranbir,Singh and A,Laksminath | ||
| 260 | |a New Delhi : |b Butterworths |c c 2006. | ||
| 300 | |a xxiv, 414 p. : |c 23 cm. | ||
| 504 | |a Includes index. | ||
| 546 | |a eng. | ||
| 650 | |a Indian constitution | ||
| 650 | |a Political rights | ||
| 650 | |a Constitution | ||
| 700 | |a Lakshminath,A | ||
| 942 | |c BK | ||
| 999 | |c 11851 |d 11851 | ||